01006 2200337 4500001002100000005001500021035002000036007000300056008004100059040002200100082001200122084001400134090001800148090002200166100003600188245012700224300004200351500001100393650001300404850001200417041000800429264003000437336002100467337003000488338002300518020002200541250002600563700002300589504003400612990002200646INLIS00000000084807220190611100659 a0010-0619000027ta190611s2018 yoia g ind d aYOPDYOGbinderda04223a100 a100 ARM r aDEP 100 ARM r aCB-D.11 2018-26580 aArmada Riyantod1965-ePenyusun01aRelasionalitas :bfilsafat fondasi interpretasi: aku, teks, liyan, fenomen /cpenyusun, Armada Riyanto; editor, Widiantoro axi, 405 halaman :bilustrasi ;c21 cm aIndeks 4aFilsafat aYOPDYOG aind 1aSleman :bKanisius,c2018 2rdacontentateks 2rdamediaatanpa perantara 2rdacarrieravolume a978-979-21-5748-2 aCetakan pertama, 2018 aWidiantoroeeditor aBibliografi : halaman 383-391 aCB-D.11/2018-2658